| 000 | 01389nam a2200205Ia 4500 | ||
|---|---|---|---|
| 003 | Ost | ||
| 005 | 20260507075110.0 | ||
| 008 | 260507s9999||||xx |||||||||||||| ||und|| | ||
| 040 | _cfsecg | ||
| 041 | _aara | ||
| 082 | _a330 | ||
| 100 |
_aعفاف، عبدالجبار سعيد _eمؤلف |
||
| 245 | 0 |
_aالاقتصاد الرياضي / _c عبدالجبار سعيد عفاف |
|
| 260 |
_aعمان: _bدار وائل للنشر, _c2000 |
||
| 300 | _a صفحة؛ | ||
| 520 | _aفي هذا الكتاب: طبيعة ونطاق الاقتصاد الرياضي - النموذج الاقتصادي - تحليل توازن السوق - المصفوفات وتطبيقاتها الاقتصادية - نموذج المستخدم - المنتج - الاسعار في نموذج المستخدم - المنتج - المشتقة وتطبيقاتها الاقتصادية - الامثلية - حساب التكامل وتطبيقاته الاقتصادية - معادلات الروق والنموذج الساكن المقارن وتطبيقاتهما الاقتصادية - نظرية جانب الطلب (نظرية سلوك المستهلك) - تحليل جانب العرض )نظرية الانتاج) - نظرية التكاليف - البرمجة الخطية | ||
| 653 | _aاقتصاد رياضي | ||
| 700 |
_aمجيد، علي حسين _eمؤلف ثانوي |
||
| 942 | _cكتاب | ||
| 999 |
_c42892 _d42892 |
||